| 000 | 00912nam a22002897a 4500 | ||
|---|---|---|---|
| 005 | 20170605143732.0 | ||
| 008 | 170605b xxu||||| |||| 00| 0 Urdu d | ||
| 010 | _aA-842611 | ||
| 020 | _c- | ||
| 035 | _aA-842611 | ||
| 037 | _bCen Lib/Ret | ||
| 040 |
_aDPL _bUR |
||
| 082 | _a239.1 | ||
| 100 |
_aجو لیں پی جا نسن _9136743 |
||
| 245 |
_aصحبت مر شد کا مل _cجو لیں پی جا نسن |
||
| 246 |
_aSohbat-e-Murshid Kamil _bby Joolin P.Johnson |
||
| 260 |
_aPunjab _bS.L.Sondhi _c1982 |
||
| 270 |
_aRadha Sawami Satsung Beyas _bAmritsir |
||
| 300 |
_a258p.: _c21cm(Hb) |
||
| 500 | _aاشاریہ اور ضمیمہ بھی شامل | ||
| 650 |
_a مذہب _v _9136744 |
||
| 650 |
_a اسلام _9136745 |
||
| 650 |
_aReligion _9136746 |
||
| 650 |
_aIslam _95289 |
||
| 700 |
_aمحمد هادی حسین _9136747 |
||
| 942 |
_2ddc _cUR _h239.1 _mج ا ن |
||
| 999 |
_c140738 _d140738 |
||